[Event "Dresden ZMDI Blitz"]
[Site "Dresden"]
[Date "2011.08.06"]
[Round "1"]
[White "Bock, Gerhard"]
[Black "Hansch, Bianca"]
[Result "1/2-1/2"]
[WhiteElo "1400"]
[BlackElo "1176"]
[PlyCount "85"]
[EventDate "2011.08.06"]
[EventType "swiss (blitz)"]
[EventRounds "9"]
[EventCountry "GER"]
[SourceTitle "EXT 2022"]
[Source "ChessBase"]
[SourceDate "2021.10.06"]
[SourceVersion "1"]
[SourceVersionDate "2021.10.06"]
[SourceQuality "1"]

1. e4 e5 2. Nf3 Nc6 3. Bc4 Nf6 4. Nc3 Bc5 5. d3 0-0 6. Bg5 h6 7. Bh4 d6 8. Nd5 g5 9. Bg3 Nxd5 10. Bxd5 Bg4 11. h3 Bh5 12. Qd2 Bxf3 13. gxf3 Nd4 14. 0-0-0 c6 15. Bb3 Nxf3 16. Qe2 Nd4 17. Qh5 Nxb3+ 18. axb3 Qf6 19. h4 Qg6 20. Qe2 g4 21. h5 Qg5+ 22. Kb1 f5 23. Rh4 Kh7 24. exf5 Qxf5 25. Rf1 Qf3 26. Qe1 a5 27. Qc3 Bd4 28. Qe1 b5 29. Qe4+ Qxe4 30. dxe4 Rg8 31. Rd1 a4 32. c3 c5 33. cxd4 cxd4 34. bxa4 Rxa4 35. Rc1 Rc4 36. Rhh1 Rgc8 37. Bh4 d3 38. Rhd1 Rc2 39. Be7 R8c6 40. Bd8 b4 41. Ba5 b3 42. Bc3 Rxf2 43. Rxd3 1/2-1/2